Gaming Quiz

Random Gaming or Nintendo Quiz
Score 0/54 Timer 10:00
0 Plays Today
Developer/Genre Game Title % Correct
Nintendo/PlatformerSuper Mario Bros.
96.9%
Nintendo/PlatformerSuper Mario Bros. 3
77.1%
Nintendo/PlatformerSuper Mario Bros. 2
75%
Nintendo/MetroidvaniaMetroid
72.9%
Nintendo/Action-AdventureThe Legend of Zelda
72.9%
Nintendo/PlatformerDonkey Kong
62.5%
Nintendo/Action-AdventureZelda II: The Adventure of Link
62.5%
HAL Laboratory/PlatformerKirby's Adventure
61.5%
Nintendo/PuzzleDr. Mario
58.3%
Nintendo/RacingVS. Excitebike
56.3%
Nintendo/RacingExcitebike
56.3%
Nintendo/SportsTennis
54.2%
Nintendo/PlatformerDonkey Kong Jr.
53.1%
Nintendo/PlatformerMario Bros.
52.1%
Game Freak/PuzzleYoshi
50%
Nintendo/SportsPunch-Out!! Featuring Mr. Dream
50%
Nintendo/PlatformerKid Icarus
47.9%
Nintendo/SportsBaseball
46.9%
Nintendo/PlatformerIce Climber
46.9%
Nintendo/PlatformerDonkey Kong 3
45.8%
Nintendo/SportsSoccer
43.8%
Technos/Beat-em-UpDouble Dragon
43.8%
Tecmo/PlatformerNinja Gaiden
43.8%
Technos/Beat-em-UpRiver City Ransom
42.7%
Tecmo/SportsTecmo Bowl
40.6%
Konami/Shoot-em-UpGradius
40.6%
Technos/Beat-em-UpDouble Dragon II: The Revenge
39.6%
Developer/Genre Game Title % Correct
Nintendo/Action-AdventureStarTropics
38.5%
Nintendo/PlatformerSuper Mario Bros.: The Lost Levels
38.5%
Nintendo/SportsIce Hockey
36.5%
Nintendo/PuzzleWario's Woods
33.3%
Nintendo/PlatformerBalloon Fight
33.3%
Nintendo/PuzzleClu Clu Land
32.3%
Nintendo/ActionWrecking Crew
31.3%
Konami/Shoot-em-UpTwinBee
31.3%
Capcom/PlatformerGhosts 'n Goblins
31.3%
Sunsoft/Shooter, PlatformerBlaster Master
31.3%
Nintendo/SportsVolleyball
30.2%
Nintendo/FightingPro Wrestling
29.2%
HAL Laboratory/PuzzleAdventures of Lolo
29.2%
SNK/RPGCrystalis
29.2%
Tecmo/PlatformerRygar
28.1%
Technos/SportsSuper Dodge Ball
26%
Tecmo/PlatformerMighty Bomb Jack
24%
Tecmo/PlatformerSolomon's Key
22.9%
Nintendo/SportsNES Open Tournament Golf
21.9%
Jaleco/RacingCity Connection
20.8%
Culture Brain/Beat-em-UpKung-Fu Heroes
19.8%
Sunsoft/Run-and-GunJourney to Silius
19.8%
Sculptured Software/RacingEliminator Boat Duel
13.5%
Hudson/Shoot-em-UpStar Soldier
13.5%
Aicom/PlatformerVice: Project Doom
12.5%
Natsume/PlatformerShadow of the Ninja
11.5%
Sandcastle/RPGThe Immortal
10.3%
Remove Ads.
Support Sporcle.
Get the best of Sporcle when you Go Orange. This ad-free experience offers more features, more stats, and more fun while also helping to support Sporcle. Thank you for becoming a member.

You're not logged in!

Compare scores with friends on all Sporcle quizzes.
OR
Log In

Sporcle TV

Today on Sporcle TV


Watch our educational content, quiz creation guides, and fun videos on Sporcle TV.

Show Comments

Extras

Top Quizzes Today


Score Distribution

Paid Content

Your Account Isn't Verified!

In order to create a playlist on Sporcle, you need to verify the email address you used during registration. Go to your Sporcle Settings to finish the process.

Report this User

Report this user for behavior that violates our Community Guidelines.

Details: